|
|
|
|
| LEADER |
00000cam a22000002c 4500 |
| 001 |
1840066040 |
| 003 |
DE-627 |
| 005 |
20250707120714.0 |
| 007 |
cr uuu---uuuuu |
| 008 |
230324s2005 xx |||||o 00| ||eng c |
| 024 |
7 |
|
|a 10.3886/ICPSR04287.v1
|2 doi
|
| 035 |
|
|
|a (DE-627)1840066040
|
| 035 |
|
|
|a (DE-599)KXP1840066040
|
| 040 |
|
|
|a DE-627
|b ger
|c DE-627
|e rda
|
| 041 |
|
|
|a eng
|
| 084 |
|
|
|a 2,1
|2 ssgn
|
| 110 |
2 |
|
|a United States Department of Justice. Office of Justice Programs. Bureau of Justice Statistics
|e VerfasserIn
|4 aut
|
| 245 |
1 |
0 |
|a Census of Publicly Funded Forensic Crime Laboratories, 2002
|
| 264 |
|
1 |
|a [Erscheinungsort nicht ermittelbar]
|b [Verlag nicht ermittelbar]
|c 2005
|
| 336 |
|
|
|a Text
|b txt
|2 rdacontent
|
| 337 |
|
|
|a Computermedien
|b c
|2 rdamedia
|
| 338 |
|
|
|a Online-Ressource
|b cr
|2 rdacarrier
|
| 520 |
|
|
|a To obtain current baseline information about the workload and operations of the nation's forensic crime laboratories, the Bureau of Justice Statistics (BJS) conducted its first census of publicly funded forensic crime laboratories from 2003 to 2004. Data were collected on the organization, functions, budget, staffing, workload, and performance expectations of the nation's publicly funded federal, state, and local forensic crime laboratories currently operating.
|
| 540 |
|
|
|a ICPSR Terms of Use
|
| 650 |
|
4 |
|a DNA fingerprinting
|
| 650 |
|
4 |
|a budgets
|
| 650 |
|
4 |
|a crime laboratories
|
| 650 |
|
4 |
|a Criminal investigations
|
| 650 |
|
4 |
|a expenditures
|
| 650 |
|
4 |
|a forensic sciences
|
| 650 |
|
4 |
|a personnel
|
| 650 |
|
4 |
|a policies and procedures
|
| 655 |
|
7 |
|a Forschungsdaten
|0 (DE-588)1098579690
|0 (DE-627)857755366
|0 (DE-576)469182156
|2 gnd-content
|
| 787 |
0 |
8 |
|i Forschungsdaten zu
|a Bureau of Justice Statistics
|t Census of Publicly Funded Forensic Crime Laboratories, 2002
|d United States Department of Justice, Bureau of Justice Statistics, 2005
|w (DE-627)191247414X
|
| 787 |
0 |
8 |
|i Forschungsdaten zu
|a Hickman, Matthew J.
|t Census of Publicly Funded Forensic Crime Laboratories: 50 Largest Crime Labs, 2002
|d United States Department of Justice, Office of Justice Programs, 2004
|w (DE-627)1912474174
|
| 787 |
0 |
8 |
|i Forschungsdaten zu
|a Brooks, Connor
|t Publicly Funded Forensic Crime Laboratories, 2020
|d Bureau of Justice Statistics, 2023
|w (DE-627)1912670283
|
| 787 |
0 |
8 |
|i Forschungsdaten zu
|a Koppl, Roger, 1957 -
|t Romancing forensics: Legal failure in forensic science administration
|d Palgrave Macmillan, 2010
|w (DE-627)191269378X
|
| 787 |
0 |
8 |
|i Forschungsdaten zu
|a Anderson, James M.
|t The unrealized promise of forensic science - A study of its production and use
|d 2021
|w (DE-627)1912736276
|
| 856 |
4 |
0 |
|u https://doi.org/10.3886/ICPSR04287.v1
|x Resolving-System
|z kostenfrei
|3 Volltext
|7 0
|
| 935 |
|
|
|a mkri
|
| 951 |
|
|
|a BO
|
| ELC |
|
|
|a 1
|
| LOK |
|
|
|0 000 xxxxxcx a22 zn 4500
|
| LOK |
|
|
|0 001 4296813846
|
| LOK |
|
|
|0 003 DE-627
|
| LOK |
|
|
|0 004 1840066040
|
| LOK |
|
|
|0 005 20230324125334
|
| LOK |
|
|
|0 008 230324||||||||||||||||ger|||||||
|
| LOK |
|
|
|0 035
|a (DE-2619)ICPSR4287
|
| LOK |
|
|
|0 040
|a DE-2619
|c DE-627
|d DE-2619
|
| LOK |
|
|
|0 092
|o n
|
| LOK |
|
|
|0 852
|a DE-2619
|
| LOK |
|
|
|0 852 1
|9 00
|
| LOK |
|
|
|0 935
|a foda
|a nacj
|
| LOK |
|
|
|0 939
|a 24-03-23
|b l01
|
| OAS |
|
|
|a 1
|
| ORI |
|
|
|a SA-MARC-krimdoka001.raw
|